| 000 | 00678nam a22001577a 4500 | ||
|---|---|---|---|
| 003 | OSt | ||
| 005 | 20151202145229.0 | ||
| 008 | 151202b xxu||||| |||| 00| 0 eng d | ||
| 040 | _cRUA | ||
| 082 | _aFIS CHA 2002 B174 Or.1 | ||
| 100 |
_94150 _aCHAN, SOVATEPEAP. |
||
| 245 | _aCompassion of hatching and survival fry (barbodes gonionotus) in circular and oval tanks, ការប្រៀបធៀបចំនួនកូនញាស់ និងរស់របស់ត្រីឆ្ពឹនក្នុងប្រព័ន្ធអាងមូល និងអាងពងក្រពើ | ||
| 260 |
_aPhnom Penh _bRUA _c2002 |
||
| 300 |
_a35p. _bill. _c29cm. |
||
| 942 |
_2ddc _cFIS |
||
| 999 |
_c3862 _d3862 |
||